00553 2200205 4500001002100000005001700021008004100038020001800079035002500097090001700122100002900139245004400168250001200212260003100224300003100255650001700286850001200303990001600315990001600331INLIS00000000000727420150706095123.0  a979-413-081-8 a0010-061500000001395 a635.26 Bud B aBudi Santoso, Hieronymus aBawang Putihc/ Hieronymus Budi Santoso aCet. 11 aYogyakartabKanisiusc1999 a64 hlm. :bIlus. ;b20 cm. aBawang putih aYOPDYOG a214-PK/P.01 a220-PK/P.01